[Event "Landesliga Sued 0809"]
[Site "Bayern"]
[Date "2009.03.15"]
[Round "8.4"]
[White "Erler, Herbert"]
[Black "Lettl, Gerhard"]
[Result "1/2-1/2"]
[WhiteElo "2020"]
[BlackElo "2020"]
[PlyCount "62"]
[EventDate "2008.10.05"]
[EventType "team-tourn"]
[EventRounds "9"]
[EventCountry "GER"]
[SourceTitle "EXT 2020"]
[Source "ChessBase"]
[SourceDate "2019.10.17"]
[SourceVersion "1"]
[SourceVersionDate "2019.10.17"]
[SourceQuality "1"]
[WhiteTeam "Weilheim"]
[BlackTeam "Tegernsee II"]
[WhiteTeamCountry "GER"]
[BlackTeamCountry "GER"]

1. g3 d5 2. Bg2 c5 3. Nf3 Nc6 4. 0-0 Nf6 5. d3 e5 6. e4 dxe4 7. dxe4 Bg4 8. c3 Qxd1 9. Rxd1 Be7 10. Nbd2 h6 11. Re1 Be6 12. Bf1 Nd7 13. a4 Na5 14. Be2 0-0 15. Nh4 Bxh4 16. gxh4 c4 17. f3 Rfd8 18. Nf1 Nb3 19. Ra3 Nxc1 20. Rxc1 a5 21. Kf2 Nc5 22. Rc2 Nd7 23. Ke3 Nb6 24. Rd2 Rxd2 25. Nxd2 Rc8 26. Ra1 g6 27. Bd1 Kg7 28. Bc2 f5 29. f4 exf4+ 30. Kxf4 Kf6 31. Nf3 fxe4 1/2-1/2

[Event "Landesliga Sued 0809"]
[Site "Bayern"]
[Date "2008.12.14"]
[Round "4.6"]
[White "Erler, Herbert"]
[Black "Nuber, Blasius"]
[Result "1/2-1/2"]
[WhiteElo "2020"]
[BlackElo "2073"]
[PlyCount "120"]
[EventDate "2008.10.05"]
[EventType "team-tourn"]
[EventRounds "9"]
[EventCountry "GER"]
[SourceTitle "EXT 2020"]
[Source "ChessBase"]
[SourceDate "2019.10.17"]
[SourceVersion "1"]
[SourceVersionDate "2019.10.17"]
[SourceQuality "1"]
[WhiteTeam "Weilheim"]
[BlackTeam "Dillingen"]
[WhiteTeamCountry "GER"]
[BlackTeamCountry "GER"]

1. Nf3 Nf6 2. g3 b5 3. Bg2 Bb7 4. 0-0 e6 5. d3 Be7 6. e4 c5 7. Nbd2 d6 8. Re1 Nc6 9. Nf1 0-0 10. h3 Rc8 11. g4 Qc7 12. c3 b4 13. Ng3 bxc3 14. bxc3 Qa5 15. Qc2 Nd7 16. Bd2 Nde5 17. Nxe5 dxe5 18. Bf1 Ba6 19. Be2 c4 20. dxc4 Qc7 21. Nf1 Na5 22. Ne3 Nxc4 23. Bxc4 Bxc4 24. Nxc4 Qxc4 25. Qb3 Qd3 26. Re3 Qd7 27. Be1 Rfd8 28. Rb1 Bg5 29. Rf3 Bf4 30. Kg2 Qc6 31. Qc2 Qc4 32. Rb2 Rd7 33. Qe2 Qxe2 34. Rxe2 Rd1 35. h4 Rb8 36. c4 h5 37. Rb3 Rc8 38. Rc3 hxg4 39. c5 Kf8 40. Ra3 Rc7 41. Ba5 Rc6 42. Rb2 Ke7 43. Rb7+ Rd7 44. Rab3 Rxb7 45. Rxb7+ Kf6 46. Bb4 a5 47. Rb6 Rc7 48. Ba3 Bd2 49. Kg3 Bb4 50. Bxb4 axb4 51. c6 Ke7 52. Kxg4 Kd6 53. Rxb4 Rxc6 54. Rb7 f5+ 55. exf5 Rc4+ 56. Kg5 exf5 57. Kxf5 Rxh4 58. Rb2 Rf4+ 59. Kg5 Kd5 60. Rb5+ Kc4 1/2-1/2

[Event "Landesliga Sued 0708"]
[Site "Bayern"]
[Date "2008.04.06"]
[Round "8.7"]
[White "Trapp, Sascha"]
[Black "Erler, Herbert"]
[Result "1/2-1/2"]
[WhiteElo "1931"]
[BlackElo "2024"]
[PlyCount "57"]
[EventDate "2007.10.21"]
[EventType "team-tourn"]
[EventRounds "9"]
[EventCountry "GER"]
[SourceTitle "EXT 2009"]
[Source "ChessBase"]
[SourceDate "2008.11.26"]
[SourceVersion "1"]
[SourceVersionDate "2008.11.26"]
[SourceQuality "1"]
[WhiteTeam "Freising"]
[BlackTeam "Weilheim"]
[WhiteTeamCountry "GER"]
[BlackTeamCountry "GER"]

1. e4 d6 2. d4 g6 3. Nf3 Bg7 4. Bc4 Nf6 5. Nc3 0-0 6. 0-0 Bg4 7. h3 Bxf3 8. Qxf3 Nc6 9. Be3 e5 10. d5 Nd4 11. Qd1 Nd7 12. Ne2 Nb6 13. Bb3 Nxb3 14. axb3 f5 15. f3 Nd7 16. c4 b6 17. b4 fxe4 18. fxe4 Rxf1+ 19. Qxf1 Qh4 20. Nc3 Bh6 21. Bxh6 Qxh6 22. Qc1 Qh4 23. Qe3 Nf6 24. c5 dxc5 25. bxc5 Nh5 26. cxb6 cxb6 27. Rf1 Nf4 28. Ne2 Nxe2+ 29. Qxe2 1/2-1/2